Clubs participant à la Ligue des Champions 2025-2026 - Statistiques

Statistiques générales
  • Ce quiz a été pris 147 fois
  • Le résultat moyen est 37 sur 82
Statistiques - réponses
Pays Équipes % Correct
Allemagne Bayern Munich
95%
France Olympique de Marseille
92%
Allemagne Borussia Dortmund
91%
France Paris Saint-Germain
91%
Allemagne Bayer Leverkusen
90%
Angleterre Manchester City
90%
Espagne Real Madrid
90%
Angleterre Arsenal FC
88%
Angleterre Chelsea FC
88%
Espagne FC Barcelone
88%
Angleterre Liverpool FC
88%
France AS Monaco
86%
Espagne Atlético de Madrid
86%
Italie Inter Milan
83%
Angleterre Tottenham Hotspurs
82%
Italie Juventus FC
81%
Portugal Sporting CP
77%
Pays-Bas Ajax Amsterdam
75%
Portugal SL Benfica
75%
Italie SSC Naples
75%
Espagne Athletic Club Bilbao
73%
Pays-Bas PSV Eindhoven
72%
Belgique Club Bruges
70%
Angleterre Newcastle United
70%
Italie Atalanta Bergame
68%
Turquie Galatasaray SK
68%
Grèce Olympiakós
64%
Écosse Celtic FC
61%
France OGC Nice
61%
Écosse Rangers FC
59%
Espagne Villarreal CF
59%
Allemagne Eintracht Francfort
58%
Autriche RB Salzbourg
58%
Danemark FC Copenhague
57%
Belgique Union Saint-Gilloise
57%
Pays-Bas Feyenoord Rotterdam
56%
Norvège FK Bodø/Glimt
48%
Tchéquie Slavia Prague
46%
Azerbaïdjan Qarabağ FK
45%
Serbie Étoile Rouge de Belgrade
43%
Turquie Fenerbahçe SK
43%
Tchéquie Sparta Prague
42%
Ukraine Dynamo Kiev
41%
Grèce Panathinaïkós
40%
Suisse FC Bâle
37%
Suède Malmö FF
35%
Chypre Paphos FC
34%
Autriche Sturm Graz
33%
Hongrie Ferencváros TC
32%
Roumanie FCSB
30%
Israël Maccabi Tel Aviv
28%
Kazakhstan Kaïrat Almaty
25%
Bulgarie Ludogorets Razgrad
24%
Slovaquie Slovan Bratislava
23%
Suisse Servette FC
21%
Lituanie Žalgiris Vilnius
20%
Biélorussie Dinamo Minsk
17%
Croatie HNK Rijeka
15%
Pologne Lech Poznań
15%
Monténégro Budućnost Podgorica
14%
Arménie FC Noah
14%
Luxembourg FC Differdange 03
12%
Pays de Galles The New Saints
12%
Andorre Inter Club d'Escaldes
11%
Albanie KF Egnatia Rrogozhinë
10%
Bosnie-Herzégovine HŠK Zrinjski Mostar
9%
Irlande du Nord Linfield FC
9%
Slovénie Olimpija Ljubljana
9%
Moldavie FC Milsami
8%
Lettonie FK RFS
8%
Macédoine du Nord FK Shkëndija
8%
Kosovo KF Drita
8%
Finlande KuPS
8%
Gibraltar Lincoln Red Imps
8%
Norvège SK Brann
8%
Saint-Marin AC Virtus
7%
Islande Breiðablik
7%
Malte Hamrun Spartans
7%
Irlande Shelbourne FC
7%
Géorgie FC Iberia 1999
6%
Estonie Levadia Tallinn
5%
Îles Féroé Vikingur Gøta
4%
Aucun quiz correspondant
Distribution des résultats
% des personnes avec chaque résultat
Percentile par nombre de réponses
Votre historique - résultats
Vous n’avez pas pris ce quiz